| 000 | 00685nam a2200217 i 4500 | ||
|---|---|---|---|
| 999 |
_c7419 _d7419 |
||
| 003 | OSt | ||
| 005 | 20211122173317.0 | ||
| 008 | 020429s1978 xx |0 und d | ||
| 020 | _a8470751131 | ||
| 040 |
_bcat _cCDMR |
||
| 080 | _a070 | ||
| 111 | 2 |
_aSeminario Cultura en Periodismo ( _d1978. _cMadrid) |
|
| 245 | 1 | 0 |
_aCultura en Periodismo / _cManuel Martín Serrano ... [et al.] |
| 260 |
_aMadrid : _bFundación Juan March, _cDL 1979 |
||
| 300 |
_a114 p. ; _c21 cm |
||
| 490 |
_aSerie universitaria ; _v78 |
||
| 650 | 0 | 0 |
_aComunicació i cultura _93211 |
| 650 | 0 | 0 |
_aMitjans de comunicació de massa i cultura _92795 |
| 700 | 1 |
_aMartín Serrano, Manuel _9870 |
|
| 942 |
_2udc _cMON |
||